000
00312nam a2200133 a 4500
008
990113s1966||||xx 0 und c
040
_a
SNK
_b
slo
_c
SNK
_e
AACR2
100
1
_a
Dreiser, Theodore
245
1
0
_a
Sestra Carrie
260
_a
Bratislava
_b
Tatran
_c
1966
020
_c
25
044
_a
xo
_c
SK
041
_a
slo
999
_c
10293
_d
10293